000 01081nam a2200313 i 4500
003 DO-SdBNP
005 20240627084839.0
006 a||||gr|||| 00| 0
007 ta
008 240625e1979 sp ||||| |||| 00| f spa d
020 _a840206146X
040 _aDO-SdBNP
_bspa
_cBNPHU
_erda
041 _heng
082 4 _222
_bL673m
100 1 _aG. Lewis, Matthew
_d1975 - 1818
_985779
_eautor
245 1 0 _aEl monje /
_cMatthew G. Lewis; traducción de Francisco Torres Oliver.
264 1 _aBarcelona, España :
_bBruguera,
_c1979
300 _a406 páginas ;
_c17 cm.
336 _2rdacontent
_atexto
_btxt
337 _2rdamedia
_asin mediación
_bn
338 _2rdacarrier
_avolumen
_bnc
490 _aBruguera. LibroAmigo ;
_v1502/635
534 _aTítulo original: The monk.
_bImpreso en los talleres Gráficos de editorail Bruguera, Barcelona, 1979.
590 _aInventariado 2024 / MF
650 4 _aNovela española
_93163
650 4 _aLiteratura Española
_yHistoria y Crítica
_917010
700 1 _aTorres Oliver, Francisco,
_910614
_etraductor
942 _2ddc
_cLBS1
999 _c56958
_d56958